• AIU
  • Tony Wilmot Memorial Library

Teacher education programme (Record no. 64413)

MARC details
000 -LEADER
fixed length control field 00191nam a2200097 4500
082 0# - DEWEY DECIMAL CLASSIFICATION NUMBER
Classification number 374.014
245 11 - TITLE STATEMENT
Title Teacher education programme
260 ## - PUBLICATION, DISTRIBUTION, ETC. (IMPRINT)
Date of publication, distribution, etc c.1996
300 ## - PHYSICAL DESCRIPTION
Extent Bk1-
942 ## - ADDED ENTRY ELEMENTS (KOHA)
Source of classification or shelving scheme
Koha item type Books

No items available.